Malá kniha o Islanďanech : 50 miniaturních esejí o zvláštnostech a slabostech Islanďanů /

Hlavní autor: Alda Helen Sigmundsdóttir, 1962-
Další autoři: Kleňha, Jiří
Jazyk: Čeština
Vydáno: Praha : Euromedia, 2017
Vydání: Vydání druhé
Témata:
Fyzický popis: 125 stran ; 18 cm
Knihy
Uloženo v:
LEADER 02010nam a2200553 i 4500
001 nkc20172891662
003 CZ PrNK
005 20170801084539.0
007 ta
008 170404s2017 xr e 000 e cze
015 |a cnb002891662 
020 |a 978-80-7549-323-1  |q (vázáno) :  |c Kč 149,00 
035 |a (OCoLC)1003284977 
040 |a OLA001  |b cze  |d ABA001  |e rda 
041 1 |a cze  |h eng 
043 |a e-ic--- 
072 7 |a 316.7  |x Sociologie kultury. Kulturní život  |2 Konspekt  |9 1 
080 |a (=113.3)  |2 MRF 
080 |a 159.922.4  |2 MRF 
080 |a 39  |2 MRF 
080 |a 316.728  |2 MRF 
080 |a (491.1)  |2 MRF 
080 |a (0:82-4)  |2 MRF 
100 0 |a Alda Helen Sigmundsdóttir,  |d 1962-  |7 xx0194844  |4 aut 
240 1 0 |a Little book of the Icelanders.  |l Česky 
245 1 0 |a Malá kniha o Islanďanech :  |b 50 miniaturních esejí o zvláštnostech a slabostech Islanďanů /  |c Alda Sigmundsdóttir ; z anglického originálu The little book of the Icelanders ... přeložil Jiří Kleňha 
250 |a Vydání druhé 
264 1 |a Praha :  |b Euromedia,  |c 2017 
300 |a 125 stran ;  |c 18 cm 
336 |a text  |b txt  |2 rdacontent 
337 |a bez média  |b n  |2 rdamedia 
338 |a svazek  |b nc  |2 rdacarrier 
650 0 7 |a Islanďané  |7 ph117645  |2 czenas 
650 0 7 |a národní mentalita  |7 ph123434  |z Island  |2 czenas 
650 0 7 |a zvyky a obyčeje  |7 ph137519  |z Island  |2 czenas 
650 0 7 |a každodenní život  |7 ph121555  |z Island  |2 czenas 
650 0 9 |a Icelanders  |2 eczenas 
650 0 9 |a national characteristics  |z Iceland  |2 eczenas 
650 0 9 |a manners and customs  |z Iceland  |2 eczenas 
650 0 9 |a everyday life  |z Iceland  |2 eczenas 
655 7 |a eseje  |7 fd132213  |2 czenas 
655 9 |a essays  |2 eczenas 
700 1 |a Kleňha, Jiří  |7 kv2015877086  |4 trl 
910 2 |a BOA001  |b 1-1392.003 
928 9 |a Euromedia Group - Pragma 
990 |a BK 
995 |a 01 
991 |b 201707  |c NOV 
996 6 |b 2610713161  |c 1-1392.003  |l MZK  |r Sklad / do 1 hodiny  |n 1  |p p.v.  |w 001619250  |u 000010  |a 1  |e BOA001  |j MZK50  |s P